00378nam a2200121Ia 4500082001200000100002400012245009100036260003000127300000800157650003600165650003000201710002500231 aTB.0119 aBandyopadhyay, A.K. 0aAnalysis of agricultural credit with special reference to small farmers in West Bengal c1981bUniversity of Delhi a201 aAgricultural creditzWestBengal aSmall FarmerszWestBengal aHanumantha Rao, C.H.